[Event "GER-chT U12"]
[Site "Verden"]
[Date "2012.12.27"]
[Round "1.3"]
[White "Riess, Alexander"]
[Black "Goetz, Michael"]
[Result "1-0"]
[WhiteElo "1510"]
[BlackElo "1353"]
[PlyCount "59"]
[EventDate "2012.12.27"]
[EventType "team-swiss"]
[EventRounds "7"]
[EventCountry "GER"]
[SourceTitle "EXT 2014"]
[Source "ChessBase"]
[SourceDate "2013.11.20"]
[SourceVersion "1"]
[SourceVersionDate "2013.11.20"]
[SourceQuality "1"]
[WhiteTeam "Luebeck"]
[BlackTeam "Holtrup Porta Westfalica"]
[WhiteTeamCountry "GER"]
[BlackTeamCountry "GER"]

1. Nf3 c5 2. e4 Nc6 3. Bb5 g6 4. Bxc6 bxc6 5. 0-0 Bg7 6. Re1 d5 7. d3 Nf6 8. Nbd2 Bg4 9. h3 Bxf3 10. Qxf3 0-0 11. Nb3 e6 12. Bg5 Rb8 13. e5 c4 14. dxc4 h6 15. exf6 hxg5 16. fxg7 Kxg7 17. cxd5 cxd5 18. Rad1 a5 19. Qc3+ Kg8 20. Nd4 Qb6 21. b3 Rfc8 22. Qd3 Kg7 23. Qe3 g4 24. hxg4 Rh8 25. Qe5+ Kg8 26. Qf6 Qc7 27. g3 Qc3 28. Kg2 Rb4 29. Rh1 Rxh1 30. Rxh1 1-0

[Event "Niederrhein-ch"]
[Site "Niederrhein"]
[Date "1996.04.05"]
[Round "8"]
[White "Goetz, Michael"]
[Black "Schmoll, Heinz"]
[Result "1-0"]
[WhiteElo "2048"]
[BlackElo "2150"]
[PlyCount "37"]
[EventDate "1996.03.29"]
[EventType "swiss"]
[EventRounds "9"]
[EventCountry "GER"]
[SourceTitle "EXT 2006"]
[Source "ChessBase"]
[SourceDate "2005.11.24"]
[SourceVersion "1"]
[SourceVersionDate "2005.11.24"]
[SourceQuality "1"]

1. d4 Nf6 2. c4 e6 3. Nc3 Bb4 4. f3 c5 5. d5 Nh5 6. g3 Bxc3+ 7. bxc3 0-0 8. e4 f5 9. Ne2 fxe4 10. fxe4 Qf6 11. Rg1 Qf2+ 12. Kd2 Nf6 13. Bg2 Ng4 14. Kc2 d6 15. h3 e5 16. Qd3 Na6 17. Bd2 Nh2 18. Be3 Qf7 19. Rh1 1-0

[Event "Niederrhein-ch"]
[Site "Niederrhein"]
[Date "1996.03.30"]
[Round "2"]
[White "Nowik, Volker"]
[Black "Goetz, Michael"]
[Result "0-1"]
[WhiteElo "2086"]
[BlackElo "2048"]
[PlyCount "74"]
[EventDate "1996.03.29"]
[EventType "swiss"]
[EventRounds "9"]
[EventCountry "GER"]
[SourceTitle "EXT 2006"]
[Source "ChessBase"]
[SourceDate "2005.11.24"]
[SourceVersion "1"]
[SourceVersionDate "2005.11.24"]
[SourceQuality "1"]

1. e4 c5 2. Nf3 Nc6 3. Bb5 g6 4. 0-0 Bg7 5. c3 a6 6. Bxc6 bxc6 7. d4 cxd4 8. cxd4 Nf6 9. Nc3 d6 10. h3 0-0 11. Be3 Rb8 12. b3 Qa5 13. Rc1 Bb7 14. Nd2 Qd8 15. Qe1 Nd7 16. f4 f5 17. e5 dxe5 18. dxe5 Nb6 19. Qf2 Nd5 20. Bc5 Nc7 21. Rfd1 Ne6 22. Nf3 Qe8 23. Ba7 Nxf4 24. Bxb8 Qxb8 25. Rd7 Bc8 26. Rcd1 Bxd7 27. Rxd7 Bxe5 28. Ne2 Bf6 29. Nxf4 Qxf4 30. Qc5 Qe4 31. Ra7 Rd8 32. Qc4+ Kg7 33. Rxa6 Rd1+ 34. Kf2 Rb1 35. Rxc6 Rb2+ 36. Kg3 f4+ 37. Kh2 Qxf3 0-1